000 00624nam a2200229Ia 4500
003 OSt
005 20220918210326.0
006 a|||||r|||| 00| 0
007 ta
008 220917b |||||||| |||| 00| 0 eng d
024 _a120,034
037 _cTextual
040 _aARTS
_cARTS
_beng
041 _2eng
_aeng
082 _aV73:280X:N5, J3
100 _aNourse Edwin G
_9117804
245 0 _aEconomics in the public service
_b administrative aspects of the employment act
260 _c1953
650 _aHISTORY
942 _hV73:280X:N5, J3
_cTEXL
_2CC
999 _c243292
_d243292